[Event "New Delhi Parsvnath blitz op 18th"]
[Site "New Delhi"]
[Date "2020.01.14"]
[Round "4"]
[White "Prasenjit, Dutta"]
[Black "Manikya, Negi"]
[Result "1/2-1/2"]
[WhiteElo "2285"]
[BlackElo "1589"]
[PlyCount "38"]
[EventDate "2020.01.14"]
[EventType "swiss (blitz)"]
[EventRounds "9"]
[EventCountry "IND"]
[SourceTitle "CBM 194 Extra"]
[Source "ChessBase"]
[SourceDate "2020.03.31"]
[SourceVersion "1"]
[SourceVersionDate "2020.03.31"]
[SourceQuality "1"]

1. e4 d5 2. exd5 Nf6 3. Nf3 Bg4 4. Be2 Qxd5 5. 0-0 Nc6 6. Nc3 Qh5 7. h3 0-0-0 8. d3 e5 9. hxg4 Nxg4 10. Nh4 f5 11. Bxg4 fxg4 12. g3 Nd4 13. f4 gxf3 14. Nxf3 Qh3 15. Ne2 Nxe2+ 16. Qxe2 Bc5+ 17. Be3 Bxe3+ 18. Qxe3 Qxg3+ 19. Kh1 Qh3+ 1/2-1/2

[Event "New Delhi Parsvnath op-C 17th"]
[Site "New Delhi"]
[Date "2019.01.14"]
[Round "5.5"]
[White "Manikya, Negi"]
[Black "Karunesh, Mishra"]
[Result "0-1"]
[WhiteElo "1484"]
[BlackElo "1382"]
[PlyCount "110"]
[EventDate "2019.01.13"]
[EventType "swiss"]
[EventRounds "10"]
[EventCountry "IND"]
[SourceTitle "EXT 2024"]
[Source "ChessBase"]
[SourceDate "2023.10.10"]
[SourceVersion "1"]
[SourceVersionDate "2023.10.10"]
[SourceQuality "1"]

1. e4 e6 2. d4 d5 3. Nd2 dxe4 4. Nxe4 Nf6 5. Bg5 Be7 6. Bxf6 Bxf6 7. Nf3 Bd7 8. Bd3 Bc6 9. c3 Nd7 10. Qe2 Bxe4 11. Bxe4 c6 12. 0-0-0 Nb6 13. Rhe1 0-0 14. Bb1 Bg5+ 15. Nxg5 Qxg5+ 16. Qe3 Qxe3+ 17. fxe3 f5 18. g3 Rae8 19. Rf1 Nd5 20. Kd2 g6 21. e4 Nb6 22. b3 Nd7 23. Rde1 Nf6 24. Re2 fxe4 25. Bxe4 Nxe4+ 26. Ke1 Rxf1+ 27. Kxf1 Nxc3 28. Re5 Nxa2 29. Ra5 Nb4 30. Rxa7 Rb8 31. Ra1 Nc2 32. Rc1 Nxd4 33. b4 Kf7 34. Kf2 Ke7 35. Ke3 Nf5+ 36. Kf4 Kf6 37. Rd1 e5+ 38. Kf3 Nd4+ 39. Ke4 Ra8 40. g4 Ra4 41. Rf1+ Ke6 42. Rf8 Rxb4 43. Rh8 h6 44. Kd3 Rb3+ 45. Ke4 Rh3 46. g5 Rh4+ 47. Kd3 hxg5 48. Rxh4 gxh4 49. h3 Kd5 50. Ke3 b5 51. Kd3 c5 52. Kc3 Nf3 53. Kd3 Ng5 54. Kc3 Nxh3 55. Kd3 b4 0-1